KEADILAN DAN KESAMARATAAN OLEH PENDOKONG LIBERAL

Bibliographic Details
Main Authors: Nur Zainatul Indra Zainol (Author), Latifah Abdul Majid , Prof. Madya Dr (Author), Muhd. Najib Abdul Kadir , Prof. Dr (Author)
Format: Book
Language:Malay
Published: Bangi, Selangor : Penerbit Universiti Kebangsaan Malaysia 2019
Subjects:

MARC

LEADER 00000cam a2200000 7i4500
001 0000140342
005 20210414.0
008 200618t20192019my e a001 0 may d
020 |a 9789674127107 
040 |a PERPUSTAM   |b eng   |c PERPUSTAM   |e rda 
090 0 0 |a 297.5622   |b NUR 
100 0 |a Nur Zainatul Indra Zainol ,   |e author 
245 1 0 |a KEADILAN DAN KESAMARATAAN OLEH PENDOKONG LIBERAL   |c Nur Zainatul Indra Zainol, Latifah Abdul Majid, Muhd. Najib Abdul Kadir 
264 1 |a Bangi, Selangor :   |b Penerbit Universiti Kebangsaan Malaysia   |c 2019 
264 4 |c ©2019 
300 |a 180 pages ;   |c 23 cm. 
336 |a text  |2 rdacontent 
337 |a unmediated  |2 rdamedia 
338 |a volume  |2 rdacarrier 
500 |a Contains quotes from the Hadith 
500 |a Includes index 
504 |a Bibliography: pages [161]-177 
650 1 0 |a Islam and justice 
650 2 0 |a Government publications   |z Malaysia 
650 2 0 |a Justice   |x Religious aspects   |x Islam 
700 0 |a Latifah Abdul Majid ,   |c Prof. Madya Dr. ,   |e author 
700 0 |a Muhd. Najib Abdul Kadir ,   |c Prof. Dr. ,   |e author 
999 |a 0000675940   |b Buku   |c Rak Terbuka   |e Perbadanan Perpustakaan Awam Melaka 
999 |a 0000675941   |b Buku   |c Rak Terbuka   |e Perpustakaan Cawangan Jasin 
999 |a 0000675942   |b Buku   |c Rak Terbuka   |e Perpustakaan Cawangan Masjid Tanah 
999 |a 0000675943   |b Buku   |c Rak Terbuka   |e Perpustakaan Cawangan Merlimau 
999 |a 0000675944   |b Buku   |c Rak Terbuka   |e Perbadanan Perpustakaan Awam Melaka 
999 |a 0000675945   |b Buku   |c Rak Terbuka   |e Perbadanan Perpustakaan Awam Melaka 
999 |a 0000675946   |b Buku   |c Rak Terbuka   |e Perpustakaan Komuniti UTC Melaka